Alabama Geography Quiz - Sudden Death - Statistics

General Stats
  • This quiz has been taken 207 times
  • The average score is 12 of 20
Answers on the Grid
Answers color-coded by a green-red scale on the quiz's grid according to % correct below.
Alabama River
Appalachian Mountains
Auburn
Birmingham
Cape Cod
Chattahoochee River
Chattanooga
Cheaha Mountain
Chesapeake Bay
Clemson
Dauphin Island
Freedom Riders National Monument
Great Smoky Mountains
National Park
Gulf of Mexico
Gulf Shores
Hot Springs
National Park
Houston
Huntsville
Key West
Lake Okeechobee
Lake Pontchartrain
Mississippi River
Mobile
Mobile Bay
Montgomery
Natchez Trace
Orlando
Outer Banks
Pensacola
Pigeon Forge
Puerto Rico
Rio Grande
Rocky Mountains
San Francisco Bay
Selma
Talladega
National Forest
Tennesse River
Tupelo
Tuscaloosa
Tuskegee Institute National Historic Site
 
Answer Stats
Answer % Correct
Birmingham
86%
Alabama River
85%
Auburn
81%
Huntsville
73%
Montgomery
72%
Gulf Shores
68%
Mobile
67%
Mobile Bay
65%
Tuscaloosa
65%
Tuskegee Institute National Historic Site
65%
Gulf of Mexico
61%
Selma
59%
Talladega
National Forest
58%
Cheaha Mountain
53%
Appalachian Mountains
51%
Chattahoochee River
51%
Dauphin Island
47%
Freedom Riders National Monument
44%
Tennesse River
42%
Natchez Trace
30%
No matching quizzes found
Score Distribution
Percent of People with Each Score
Percentile by Number Answered
Your Score History
You have not taken this quiz